| 000 | 00735nam a2200229 4500 | ||
|---|---|---|---|
| 003 | OSt | ||
| 005 | 20240624001124.0 | ||
| 006 | a | ||
| 008 | 240624b |||||||| |||| 00| 0 eng d | ||
| 020 | _a9780132689685 | ||
| 040 |
_aDWCL-Main lib. _cOC |
||
| 082 |
_aCirc. 371.1024 Em54c 2013 _2Ninth edition |
||
| 100 | _aEmmer, Edmund T. | ||
| 245 | _aClassroom management for middle and high school teachers / | ||
| 250 | _aNinth edition | ||
| 260 |
_aBoston : _bPearson Education , Inc. , _cc2013. |
||
| 300 |
_axiv, _b241 p. ; ill. ; _c23 cm. |
||
| 504 | _aIncludes bibliographical references & index. | ||
| 650 | _a1. Classroom management. | ||
| 650 | _a2. Education, secondary. | ||
| 942 |
_2ddc _n0 _cBK-CIRC _kCirc. _eNinth edition |
||
| 999 |
_c1151 _d1151 |
||